The cell. A molecular approach / (Registro nro. 926)

Detalles MARC
000 -LEADER
fixed length control field 00549nam a2200181 a 4500
008 - CAMPO DE CONTROL (LIBRO)
fixed length control field 110906s1997 xxua f |||| 001 0 eng d
020 ## - INTERNATIONAL STANDARD BOOK NUMBER
ISBN 0878931198
041 ## - CODIGO DE IDIOMA
Código de idioma del texto/pista de sonido o título separado eng
092 ## - SIGNATURA TOPOGRAFICA DEWEY LOCAL
número de clasificación 574.87
libristica 13
sección COO
100 1# - ENTRADA PRINCIPAL--NOMBRE PERSONAL
Nombre personal Cooper, Geoffrey M.
9 (RLIN) 1467
245 #4 - TITULO PROPIAMENTE DICHO
Título The cell. A molecular approach /
Mención de responsabilidad y remanente de la transcripción de la portada Geoffrey M. Cooper
250 ## - MENCION DE EDICION
Mención de edición 1a ed.
260 ## - PIE DE IMPRENTA
Lugar de publicación, distribución, etc Washington:
Nombre de la editorial, distribuidor, etc ASM Press;
Fecha de publicación 1997.
300 ## - DESCRIPCION FISICA
Extension 620 p.
500 ## - NOTA GENERAL
Nota general Cooper, G. M. (1997). The cell. A molecular approach. (1st ed.). Washintong : ASM Press.
653 ## - TÉRMINO INDIZADO - PALABRAS CLAVES
Palabra clave Biologia celular
942 ## - ADDED ENTRY ELEMENTS (KOHA)
Source of classification or shelving scheme Dewey Decimal Classification
Item type Libros
Existencias
Estado de retiro Existencia Fuente de clasificación Estado general No para prestamo Ubicación permanente ubicación actual Sala de ubicación Fecha de adquisición Total Checkouts Total Renewals Número de clasificación Código de barras Date last seen Date last borrowed Número de ejemplar Price effective from Koha tipo de elemento (item) Public note Coded location qualifier Checked out
    Dewey Decimal Classification     Biblioteca Medicina Biblioteca Medicina Referencia 06/09/2011 1 10 574.87 13 COO 495 13/09/2018 16/09/2011 ej.1 06/09/2011 Libros LIBRO DE CATEDRA Hemeroteca 2022    
    Dewey Decimal Classification     Biblioteca Medicina Biblioteca Medicina Referencia 06/09/2011 1 14 574.87 13 COO 496 06/11/2014 16/09/2011 ej.2 06/09/2011 Libros LIBRO DE CATEDRA   01/03/2029

UNIVERSIDAD NACIONAL DEL COMAHUE
Biblioteca de la Facultad de Ciencias Médicas
Sede Toschi: Los Arrayanes y Av. Toschi, Cipolletti  - Rio Negro
Sede Los Tordos:  Yrigoyen al 2211, Cipolletti - Rio Negro 

Teléfono: 0299 - 4774707 int 25
Contacto: biblioteca@facimed.uncoma.edu.ar
© 2011 - 2026